Don't be such a scientist : talking substance in an age of style

Bibliographic Details
Main Author: Olson, Randy
Format: Book
Published: Washington : Island Press , 2018
Edition:2nd ed.
Subjects:

MARC

LEADER 00000cam a2200000 7i4500
001 0000240077
005 20191128.0
020 |a 1610919173 
020 |a 9781610919173 
090 0 0 |a 501.4   |b OLS 
100 1 |a Olson, Randy 
245 1 0 |a Don't be such a scientist :   |b talking substance in an age of style   |c Randy Olson 
250 |a 2nd ed. 
260 |a Washington :   |b Island Press ,   |c 2018 
300 |a 234p. ;   |c 24cm. 
650 0 |a Communication in science 
650 0 |a Science in motion pictures 
650 0 |a Social sciences 
999 |a 00372836   |b BUKU   |c PINJAMAN   |e PERPUSTAKAAN KOMUNITI PETALING JAYA